000 00920nam a2200289 a 4500
001 000110475
003 CHAP
005 20220329144135.0
008 140902s2011 mx a |r| |||||||spa d
010 _a106937
011 _a107909
020 _a9786074256550
040 _cCHAP
090 _aFolleto 18471
245 0 3 _aEl cedro rosado (Acrocarpus fraxinifolius): manejo para disminuir los factores que afectan su vida produtiva /
_cpor J. Amador Honorato Salazar ... [et al.].
260 _aPuebla, Méx. :
_bINIFAP. Campo Experimental San Martinito.,
_c2011.
300 _a44 p. :
_bil.
590 _aE5652GLJ
_b05
_c20140902
_lUCH01
_h1354
650 1 4 _aCedro
_xCrecimiento.
_920861
650 1 4 _aCedro
_xPlagas.
_920864
650 1 4 _aCedro
_xProducción.
_9128176
650 1 4 _aCedro
_xRendimiento.
_9126895
700 1 _aHonorato Salazar, J. Amador
_956148
901 _aBK
942 _cFOLL
942 _n0
999 _c106937
_d106937